000 00250 a2200097 4500
001 54994
100 _aGibilisco, Sta
245 _aTeach yourself electricity and electronics
260 _aNy
_bMcGraw-Hill, NY
_c2001
090 _c34091
_d34091
942 _aNUST-CAE
_cMONOGRAPH
_c26771
999 _c290067
_d290067